Statistics for Music Trivia: music from westerns

Click here to take the quiz!

General Stats

  • This quiz has been taken 19 times
  • The average score is 6 of 15

Answer Stats

HintAnswer% Correct
What teen idol sang the song "Cindy" in the movie Rio Bravo?Ricky Nelson
78%
What Italian composer wrote music for western movies such as; For a Few Dollars More, The Hateful Eight, and Once Upon a Time in the West?Ennio Morricone
67%
Who was the famous crooner who sang the title theme "Rio Bravo" and "My Rifle, My Pony and Me" for the western movie "Rio Bravo"?Dean Martin
61%
When Rossini composed his William Tell Overture, he couldn't have imagined it's association with this western TV show.The Lone Ranger
56%
Who sang the song "Happy Trails" for their western themed TV show?Roy Rogers & Dale Evans
44%
Who sang the Rawhide theme song for that classic TV western?Frankie Laine
39%
Who sang the title song for the 1969 western True Grit?Glen Campbell
39%
Who sings the songs; "I Still See Elisa", "I Talk to the Trees", and "Gold Fever" in the western movie musical Paint Your Wagon?Clint Eastwood
33%
Who's TV theme song was "Back in the Saddle Again"?Gene Autry
33%
Who sang The Ballad of High Noon (AKA, O Do Not Forsake Me, O My Darlin') for the movie High Noon?Tex Ritter
33%
What American composer wrote film scores for these famous westerns; The Sons of Katie Elder, Guns of the Magnificent Seven, The Shootist, and Big Jake?Elmer Bernstein
28%
What Russian born composer wrote music for these western movies; High Noon, Giant, Rio Bravo, Red River, The Unforgiven, and Duel in the Sun?Dimitri Tiomkin
22%
Gustavo Santaolalla won an Academy Award for his musical score to what 2005 western movie? He also wrote the Oscar nominated song "A Love That Will Never Grow Old" (sung by Emmylou Harris), for the same film.Brokeback Mountain
17%
Tim Blake Nelson sang; "Cool Water", "Little Joe the Wrangler", and the Academy Award nominated "When a Cowboy Trades His Spurs for Wings" for what modern western film?The Ballad of Buster Scruggs
11%
Who performed the song "Apple Blossom" which was used in the movie The Hateful Eight?The White Stripes
6%

Score Distribution

Percentile by Number Answered

Percent of People with Each Score

Your Score History

You have not taken this quiz